Recruiting immigrant workers: Europe 2016

Na minha lista:
Detalhes bibliográficos
Autor Corporativo: European Commission
Formato: Livro
Idioma:inglês
Publicado em: Paris OECD 2016
Colecção:Recruiting immigrant workers
Assuntos:
Tags: Adicionar Tag
Sem tags, seja o primeiro a adicionar uma tag!

MARC

LEADER 00000nam a2200000 4500
001 0228101
005 20240314123431.8
020 |a 978-92-64-25728-3 
020 |a 978-92-79-58041-3 
041 0 |a eng 
044 |a FR 
245 1 0 |a Recruiting immigrant workers: Europe 2016 
264 1 |a Paris  |b OECD  |c 2016 
300 |a 286 s. 
490 1 |a Recruiting immigrant workers 
830 0 |a Recruiting immigrant workers 
610 2 0 |a trh práce 
610 2 0 |a politika migračná 
610 2 0 |a demografia 
610 2 0 |a sily pracovné 
610 2 0 |a pohyb síl pracovných 
610 2 0 |a pohyb síl pracovných medzinárodný 
610 2 0 |a migrácia 
610 2 0 |a študenti zahraniční 
610 2 0 |a pracovníci sezónni 
610 2 0 |a zručnosti 
610 2 0 |a Európska únia 
710 2 |a European Commission